| 000 | 00584nam a22001817a 4500 | ||
|---|---|---|---|
| 999 |
_c192731 _d192731 |
||
| 005 | 20220930172056.0 | ||
| 010 | _aENG-135261 | ||
| 020 |
_a978-81-8274-868-2 _c995.00 |
||
| 035 | _aEN-118793 | ||
| 037 | _bDBAD/PUB | ||
| 082 | _a327.170954 | ||
| 245 |
_aThe Role of Media in Promoting Regional Understanding in South Asia/ _bedited by Priyanka Singh |
||
| 260 |
_aNew Delhi _bPentagon Press _c2016 |
||
| 270 |
_a206, Peacock Lane, Shahpur Jat _bNew Delhi _e110049 |
||
| 300 |
_a248p. _c21cm(hbk) |
||
| 700 | _aPriyanka Singh | ||
| 942 |
_2ddc _cEN _h327.170954 _mROL |
||